000 01077nas a2200265 i 4500
003 DO-SdBNP
005 20260521145740.0
007 ta
008 260521e2003 dr fn|p|r|||||00| | spa d
040 _aDO-SdBNP
_bspa
_cBNPHU
_erda
041 _aspa
110 _aGrupo Break
_989696
245 _aParadigmas :
_brevista de critica filosófica e investigación en humanidades /
_cGrupo Break
264 _aSanto Domingo, Republica Dominicana :
_bGrupo Break,
_c2003.
300 _avolumen :
_bilustraciones, fotografías, graficas ;
_c21 cm.
310 _aSemestral.
336 _atexto
_btxt
_2rdacontent
337 _asin mediación
_bn
_2rdamedia
338 _avolumen
_bnc
_2rdacarrier
362 _aAño 1. No. 1, enero-junio, 2003.
500 _aCatalogación basada en el Año 1. No. 1, enero-junio, 2003.
520 _aBreak significa: "romper", "quebrar" Es también la metáfora de una actitud de ruptura con los "muros" que obstaculizan perspectivas mas amplias de interpretación.
650 0 _aCiencia
_vPublicaciones periódicas
_932916
942 _2ddc
_cISSUE
999 _c60802
_d60802